[Event "24. Torneo San Viator"]
[Site "Madrid ESP"]
[Date "2015.04.26"]
[Round "5.4"]
[White "Cabanas Bravo, Juan Andres"]
[Black "Barahona Torrijos, Angel"]
[Result "1-0"]
[WhiteElo "2054"]
[BlackElo "1782"]
[PlyCount "145"]
[EventDate "2015.03.22"]
[EventType "swiss"]
[EventRounds "9"]
[EventCountry "ESP"]
[Source "lmi"]
[SourceDate "2015.03.22"]

1. e4 e5 2. c3 d5 3. Nf3 Nf6 4. Nxe5 Bd6 5. d4 Nxe4 6. Qf3 Qe7 7. Bf4 Nd7 8.
Bd3 Nxe5 9. dxe5 Bxe5 10. O-O Bxf4 11. Qxf4 Be6 12. Bxe4 dxe4 13. Qxe4 O-O-O
14. Na3 Qg5 15. c4 Rd2 16. Nb5 Qc5 17. b3 a6 18. Nc3 Rd4 19. Qf3 Rhd8 20. Ne4
Qe7 21. Rfe1 g5 22. Qh5 f6 23. Qh6 Rf8 24. Nxg5 fxg5 25. Qxe6+ Qxe6 26. Rxe6
Rd2 27. f3 g4 28. Rf1 gxf3 29. Rxf3 Rxf3 30. gxf3 Kd7 31. Rh6 Rxa2 32. Rxh7+
Kd6 33. Rh5 Rb2 34. Rd5+ Ke6 35. Rd3 b5 36. cxb5 axb5 37. Rc3 Kf5 38. Rxc7 Kf4
39. Rc3 Ra2 40. Rd3 Rc2 41. h4 Kg3 42. f4+ Kxf4 43. h5 Rc5 44. h6 Rh5 45. Rd6
Ke5 46. Rb6 Kd4 47. Rc6 Kd5 48. Rg6 Kc5 49. Kg2 Kb4 50. Rg4+ Kxb3 51. Rg3+ Kc2
52. Rh3 Rg5+ 53. Kf3 Rg8 54. Ke4 b4 55. Kd4 b3 56. Rh2+ Kb1 57. Kc3 Rg3+ 58.
Kb4 b2 59. h7 Kc1 60. Kc4 b1=Q 61. Rh1+ Kd2 62. Rxb1 Rh3 63. Rb7 Rh6 64. Kd4
Rd6+ 65. Ke4 Rh6 66. Kf4 Kd3 67. Rd7+ Kc4 68. Kg5 Rh1 69. Kg6 Kc5 70. Kg7 Kc6
71. Ra7 Rg1+ 72. Kf8 Rh1 73. Kg8 1-0

[Event "24. Torneo San Viator"]
[Site "Madrid ESP"]
[Date "2015.04.26"]
[Round "5.5"]
[White "Lozano Freras, Sergio"]
[Black "San Felipe Gonzalez, Tomas"]
[Result "1-0"]
[WhiteElo "1992"]
[BlackElo "1724"]
[PlyCount "153"]
[EventDate "2015.03.22"]
[EventType "swiss"]
[EventRounds "9"]
[EventCountry "ESP"]
[Source "lmi"]
[SourceDate "2015.03.22"]

1. Nf3 Nf6 2. b3 g6 3. Bb2 Bg7 4. g3 d5 5. c4 c6 6. Bg2 Bg4 7. O-O O-O 8. d4
Qc8 9. Nc3 Bh3 10. Rc1 Bxg2 11. Kxg2 dxc4 12. bxc4 Rd8 13. Ba3 Qe6 14. Qb3 b6
15. e3 Na6 16. Ne2 Nc7 17. Nf4 Qe4 18. Qc2 e6 19. Qxe4 Nxe4 20. Rfd1 Rd7 21.
Nd3 f6 22. Nb4 Bf8 23. Nd2 Nxd2 24. Rxd2 c5 25. Nc2 Rad8 26. Rcd1 Kf7 27. Kf1
Na6 28. Ke2 Be7 29. e4 cxd4 30. Bxe7 d3+ 31. Rxd3 Kxe7 32. Rxd7+ Rxd7 33. Nd4
Nb8 34. Rd3 e5 35. Nb5 Rxd3 36. Kxd3 Nc6 37. a3 Kd7 38. h3 a6 39. Nc3 Ke6 40.
Nd5 b5 41. cxb5 axb5 42. Nc7+ Kd6 43. Nxb5+ Kc5 44. Nc7 f5 45. Nd5 Na5 46. Nf6
h5 47. exf5 gxf5 48. Nxh5 Nc4 49. Ng7 e4+ 50. Kc3 Nxa3 51. Nxf5 Nb5+ 52. Kd2
Kd5 53. Ke3 Ke5 54. Nh6 Nc3 55. Ng4+ Kf5 56. Kd2 Nb1+ 57. Kc2 Na3+ 58. Kb3 Nb1
59. Kc4 Nd2+ 60. Kd5 Nf3 61. Ne3+ Kg5 62. Kxe4 Nd2+ 63. Kd5 Nf3 64. h4+ Kg6 65.
Ke4 Nd2+ 66. Kf4 Nb3 67. g4 Nc5 68. f3 Nd3+ 69. Kg3 Nc5 70. Nd5 Nd7 71. f4 Nc5
72. f5+ Kf7 73. g5 Nd3 74. h5 Ne5 75. h6 Nd7 76. g6+ Kg8 77. Ne7+ 1-0

[Event "24. Torneo San Viator"]
[Site "Madrid ESP"]
[Date "2015.04.26"]
[Round "5.6"]
[White "Uceda Martinez, Jacinto"]
[Black "Navarro Moreno, Juan Carlos"]
[Result "1/2-1/2"]
[WhiteElo "1800"]
[BlackElo "1970"]
[PlyCount "143"]
[EventDate "2015.03.22"]
[EventType "swiss"]
[EventRounds "9"]
[EventCountry "ESP"]
[Source "lmi"]
[SourceDate "2015.03.22"]

1. d4 Nf6 2. Nf3 d5 3. c4 c6 4. Nc3 e6 5. Bg5 Nbd7 6. a3 h6 7. Bh4 Be7 8. e3 b6
9. Be2 dxc4 10. Bxc4 Bb7 11. O-O O-O 12. Rc1 a5 13. Re1 b5 14. Be2 b4 15. Nb1
Nd5 16. Bg3 N7f6 17. Ne5 Rc8 18. Qa4 c5 19. dxc5 Bxc5 20. Qb5 Qb6 21. Qxb6 Bxb6
22. Bf3 Ba6 23. Nd2 Rxc1 24. Rxc1 Nxe3 25. Rc6 Rc8 26. Ne4 Nxe4 27. Bxe4 Rxc6
28. Nxc6 bxa3 29. bxa3 Nc4 30. a4 Nb2 31. Bc2 f6 32. Bd6 Kf7 33. Nb8 Bd3 34.
Bb3 Bc4 35. Bc2 Be2 36. Nd7 Bd4 37. Nc5 Bd1 38. Bxd1 Nxd1 39. Nd3 Bb6 40. Kf1
Nc3 41. Nb2 Ne4 42. Nc4 Bd8 43. f3 Nc3 44. Nb2 h5 45. Bf4 g5 46. Bd2 Nd5 47.
Nc4 Nb4 48. Ke2 Nc6 49. Kd1 h4 50. h3 e5 51. Kc2 Ke6 52. Kd3 f5 53. Bc3 Bc7 54.
Ne3 Bd6 55. Nc4 Nb4+ 56. Bxb4 Bxb4 57. Ne3 Bd6 58. Kc4 Bc7 59. Kc5 e4 60. fxe4
fxe4 61. Ng4 Bf4 62. Kd4 e3 63. Nxe3 Bxe3+ 64. Kxe3 Kd5 65. Kd3 Ke5 66. Ke3 Kd5
67. Kd3 Kc5 68. Kc3 Kd5 69. Kd3 Ke5 70. Ke3 Kf5 71. Kf3 Ke5 72. Ke3 1/2-1/2

[Event "24. Torneo San Viator"]
[Site "Madrid ESP"]
[Date "2015.04.26"]
[Round "5.7"]
[White "Gonzalez Berrendero, Carlos"]
[Black "Mazo Fernandez, Roberto"]
[Result "1-0"]
[WhiteElo "1779"]
[BlackElo "1966"]
[PlyCount "149"]
[EventDate "2015.03.22"]
[EventType "swiss"]
[EventRounds "9"]
[EventCountry "ESP"]
[Source "lmi"]
[SourceDate "2015.03.22"]

1. b3 Nf6 2. Bb2 e6 3. e3 c5 4. f4 d5 5. Nf3 Nbd7 6. a4 b6 7. Bb5 a6 8. Bc6 Ra7
9. Be5 Bb7 10. Bxb7 Rxb7 11. Bb2 Qc7 12. Qe2 Ra7 13. O-O Bd6 14. Na3 O-O 15. c4
Re8 16. Qd3 d4 17. Rae1 dxe3 18. dxe3 e5 19. Rd1 e4 20. Qxd6 exf3 21. Qxc7 Rxc7
22. Rxf3 Ne4 23. Nc2 f6 24. Rff1 Nb8 25. Rd5 Nc6 26. Rfd1 Ree7 27. g4 h6 28.
Kg2 Kf7 29. Kf3 Na5 30. R1d3 Nb7 31. h4 Rc6 32. g5 Rd6 33. gxf6 gxf6 34. Rxd6
Nbxd6 35. Bc3 Nf5 36. Be1 Kg6 37. Rd5 h5 38. b4 Nfd6 39. a5 Nxc4 40. bxc5 bxc5
41. Rd8 Re6 42. Rd5 Re7 43. Rd3 Ned6 44. Bg3 f5 45. Be1 Rb7 46. Na3 Rb2 47. Rd5
Ra2 48. Nxc4 Nxc4 49. Rxc5 Rc2 50. Rc6+ Kf7 51. Rxa6 Rc1 52. Bb4 Rb1 53. Ra7+
Ke6 54. Bc5 Kd5 55. Bd4 Nd2+ 56. Ke2 Nb3 57. Bb6 Rb2+ 58. Kd3 Ra2 59. Kc3 Nc1
60. Rh7 Ne2+ 61. Kb3 Ra1 62. Rxh5 Ke4 63. Rh7 Kd3 64. Rd7+ Ke4 65. Rd8 Rb1+ 66.
Kc2 Ra1 67. Rd6 Ng3 68. Bd4 Rh1 69. a6 Rxh4 70. Rd8 Rh7 71. a7 Rc7+ 72. Kb3
Rb7+ 73. Kc4 Rc7+ 74. Bc5 Nf1 75. a8=Q+ 1-0

[Event "24. Torneo San Viator"]
[Site "Madrid ESP"]
[Date "2015.04.26"]
[Round "5.8"]
[White "Villacorta Nicolas, David"]
[Black "Gueler Berdasco, Martin"]
[Result "1-0"]
[WhiteElo "1699"]
[BlackElo "1917"]
[PlyCount "123"]
[EventDate "2015.03.22"]
[EventType "swiss"]
[EventRounds "9"]
[EventCountry "ESP"]
[Source "lmi"]
[SourceDate "2015.03.22"]

1. e4 c5 2. Nf3 d6 3. d4 cxd4 4. Nxd4 Nf6 5. f3 g6 6. c4 Bg7 7. Nc3 O-O 8. Be3
Nc6 9. Qd2 Nd7 10. Be2 Re8 11. O-O Nf8 12. f4 f5 13. exf5 gxf5 14. Nxc6 bxc6
15. Bf3 Bd7 16. Rad1 Qc7 17. Bh5 Ng6 18. c5 d5 19. Nxd5 Qb7 20. Nc3 Rad8 21.
Qc2 Be6 22. b3 Qb4 23. Ne2 Bc8 24. Rxd8 Rxd8 25. Rd1 Rxd1+ 26. Qxd1 Qe4 27. Qd2
Ba6 28. Ng3 Qb1+ 29. Kf2 e5 30. fxe5 f4 31. Bxf4 Nxf4 32. Qxf4 Qxa2+ 33. Ne2
Qxb3 34. Nd4 Qa2+ 35. Kg3 Bc8 36. Bf3 Bd7 37. Qe4 Qc4 38. e6 Qxd4 39. Qxd4 Bxd4
40. exd7 Bf6 41. Bxc6 Kf7 42. Kf4 Ke6 43. Ke4 Bd8 44. Bb5 a6 45. Bxa6 Kxd7 46.
Bb7 Bg5 47. Kf5 Be3 48. c6+ Kc7 49. g4 h6 50. Kg6 Bd2 51. Kh5 Bf4 52. h4 Kd8
53. g5 hxg5 54. hxg5 Ke7 55. Kg6 Kf8 56. Bc8 Kg8 57. Kf5 Bc7 58. Be6+ Kg7 59.
Bd5 Bg3 60. g6 Bc7 61. Be4 Kf8 62. Ke6 1-0

[Event "24. Torneo San Viator"]
[Site "Madrid ESP"]
[Date "2015.04.26"]
[Round "5.10"]
[White "Cano Mercado, Francisco Manuel"]
[Black "Ramirez De La Piscina G, Juan"]
[Result "1-0"]
[WhiteElo "1873"]
[BlackElo "1685"]
[PlyCount "121"]
[EventDate "2015.03.22"]
[EventType "swiss"]
[EventRounds "9"]
[EventCountry "ESP"]
[Source "lmi"]
[SourceDate "2015.03.22"]

1. e4 d5 2. exd5 Qxd5 3. Nc3 Qa5 4. d4 Nf6 5. Bd3 Bg4 6. f3 Bf5 7. Nge2 e6 8.
Bxf5 Qxf5 9. O-O Bd6 10. Ng3 Qg6 11. Nce4 Bxg3 12. Nxg3 Nc6 13. f4 O-O-O 14. f5
Qg4 15. Qxg4 Nxg4 16. c3 e5 17. a3 Nf6 18. dxe5 Nxe5 19. Bg5 Rd6 20. Bxf6 Rxf6
21. Rfe1 Nc6 22. Rf1 Rd6 23. Ne4 Rd5 24. Rad1 Rhd8 25. Rxd5 Rxd5 26. Ng5 f6 27.
Ne6 Rd7 28. g4 Nd8 29. Nf4 Re7 30. Kg2 c6 31. Rd1 Rd7 32. Re1 Rd2+ 33. Re2
Rxe2+ 34. Nxe2 g5 35. Ng3 Kd7 36. Ne4 Ke7 37. Kf3 b6 38. Ke3 Nf7 39. Kd4 Ne5
40. Nxg5 h6 41. Ne4 Nf3+ 42. Ke3 Ne5 43. b3 Nf7 44. c4 Ne5 45. Nc3 Kd6 46. c5+
Ke7 47. cxb6 axb6 48. Na4 Nd7 49. Kd4 Kd6 50. Nc3 Ke7 51. a4 Ne5 52. b4 Nf3+
53. Ke3 Ne5 54. Ne4 Nc4+ 55. Kd4 Ne5 56. a5 c5+ 57. bxc5 bxa5 58. Nc3 Nc6+ 59.
Kc4 Kd7 60. Nd5 a4 61. Nxf6+ 1-0

[Event "24. Torneo San Viator"]
[Site "Madrid ESP"]
[Date "2015.04.26"]
[Round "5.11"]
[White "Unciti Juan, Javier"]
[Black "Blanco Diez, David"]
[Result "1-0"]
[WhiteElo "2096"]
[BlackElo "1645"]
[PlyCount "66"]
[EventDate "2015.03.22"]
[EventType "swiss"]
[EventRounds "9"]
[EventCountry "ESP"]
[Source "lmi"]
[SourceDate "2015.03.22"]

1. e4 e5 2. Nf3 Nc6 3. d4 exd4 4. Bc4 Nf6 5. e5 d5 6. Bb5 Ne4 7. Nxd4 Bd7 8.
Bxc6 bxc6 9. Be3 Be7 10. O-O c5 11. Nb3 d4 12. Bc1 O-O 13. f3 Ng5 14. Bxg5 Bxg5
15. f4 Be7 16. Qf3 Be6 17. f5 Bd5 18. Qg4 Qd7 19. Qf4 f6 20. e6 Qc6 21. Qg4 Be4
22. Na5 Qd5 23. c4 Qe5 24. Nd2 Bc2 25. Rae1 Qd6 26. Rf3 d3 27. Re4 Rfe8 28. Rh3
Bf8 29. Qh5 h6 30. Qg6 Kh8 31. Rg4 Qd4+ 32. Rxd4 cxd4 33. Nc6 Bb4 1-0

[Event "24. Torneo San Viator"]
[Site "Madrid ESP"]
[Date "2015.04.26"]
[Round "5.13"]
[White "Lopez De Turiso, Jose Angel"]
[Black "Rodriguez Garcia, Alberto"]
[Result "1-0"]
[WhiteElo "2046"]
[BlackElo "1800"]
[PlyCount "123"]
[EventDate "2015.03.22"]
[EventType "swiss"]
[EventRounds "9"]
[EventCountry "ESP"]
[Source "lmi"]
[SourceDate "2015.03.22"]

1. e4 c5 2. Nc3 Nc6 3. g3 g6 4. Bg2 Bg7 5. d3 Nf6 6. Be3 d6 7. h3 Bd7 8. Nge2
a6 9. Qd2 Qb6 10. O-O h5 11. Nd5 Nxd5 12. exd5 Nd4 13. c3 Nxe2+ 14. Qxe2 Qb5
15. Rfe1 Bf6 16. Qd2 O-O 17. Bg5 Rfe8 18. Bxf6 exf6 19. Qf4 Qxb2 20. Qxf6 Qb6
21. Be4 Qd8 22. Qxd6 Bxh3 23. Qxc5 Rc8 24. Qd4 h4 25. Kh2 Qd7 26. Qf6 hxg3+ 27.
fxg3 Qg4 28. c4 Qh5 29. Qh4 Qxh4 30. gxh4 Bd7 31. Rec1 f5 32. Bg2 Re2 33. Re1
Rce8 34. Rxe2 Rxe2 35. Kg1 Rd2 36. Bf1 f4 37. Re1 Bf5 38. Re7 Bxd3 39. Bxd3
Rxd3 40. Rxb7 Rd4 41. Rc7 Kf8 42. Kf2 Rd2+ 43. Kf3 Rxa2 44. Kxf4 a5 45. Kg5
Rg2+ 46. Kf6 Ke8 47. d6 Rd2 48. c5 a4 49. Ke6 Re2+ 50. Kd5 Rd2+ 51. Kc6 a3 52.
Rc8+ Kf7 53. Kc7 a2 54. Ra8 Ke6 55. Ra3 Rd5 56. Kc6 Rd2 57. Re3+ Kf5 58. Re1
Re2 59. Rf1+ Ke6 60. d7 Ke7 61. Kc7 Rd2 62. Re1+ 1-0

[Event "24. Torneo San Viator"]
[Site "Madrid ESP"]
[Date "2015.04.26"]
[Round "5.14"]
[White "Tome Vazquez, Oscar"]
[Black "Martin Almenara, Alejandro"]
[Result "1-0"]
[WhiteElo "1987"]
[BlackElo "1616"]
[PlyCount "65"]
[EventDate "2015.03.22"]
[EventType "swiss"]
[EventRounds "9"]
[EventCountry "ESP"]
[Source "lmi"]
[SourceDate "2015.03.22"]

1. e4 c5 2. Nf3 d6 3. g3 Nf6 4. d3 b5 5. Bg2 Bb7 6. O-O g6 7. c3 Nc6 8. Re1 b4
9. Nbd2 Bg7 10. Nc4 Nd7 11. d4 Ba6 12. Ne3 bxc3 13. bxc3 cxd4 14. cxd4 Qb6 15.
Nd5 Qd8 16. Qa4 Bb7 17. Rb1 Rb8 18. Rxb7 Rxb7 19. Qxc6 Rb8 20. Bh3 Rc8 21. Qa4
e6 22. Bg5 f6 23. Bxf6 Bxf6 24. Bxe6 Bg7 25. e5 Rf8 26. exd6 Rf7 27. Bxd7+ Kf8
28. Re8+ Qxe8 29. Bxe8 Rxe8 30. Nc7 Rb8 31. Ne5 Bxe5 32. dxe5 Rb2 33. Qe8+ 1-0

[Event "24. Torneo San Viator"]
[Site "Madrid ESP"]
[Date "2015.04.26"]
[Round "5.15"]
[White "Rodriguez Orgaz, Cesar"]
[Black "Jimenez Gallego, Rafael"]
[Result "1-0"]
[WhiteElo "1868"]
[BlackElo "1544"]
[PlyCount "69"]
[EventDate "2015.03.22"]
[EventType "swiss"]
[EventRounds "9"]
[EventCountry "ESP"]
[Source "lmi"]
[SourceDate "2015.03.22"]

1. e4 e5 2. Nf3 d6 3. d4 exd4 4. Nxd4 Bd7 5. Bc4 Be7 6. Qh5 g6 7. Qd5 Qc8 8.
Qxf7+ Kd8 9. Qg7 c5 10. Qxh8 cxd4 11. Qxg8+ Kc7 12. Qxh7 Nc6 13. Bf4 g5 14. Bg3
Qh8 15. Qxh8 Rxh8 16. Nd2 Bf6 17. O-O-O a6 18. Nb3 Be5 19. Bd5 Nb4 20. a3 Nxd5
21. exd5 Bg4 22. f3 Bf5 23. Nxd4 Bd7 24. Bxe5 dxe5 25. Ne6+ Kd6 26. Nxg5 Rg8
27. Nf7+ Ke7 28. Nxe5 Rxg2 29. Nxd7 Kxd7 30. h4 Rf2 31. Rdf1 Re2 32. h5 Kd6 33.
h6 Re8 34. h7 Rh8 35. Rfg1 1-0

[Event "24. Torneo San Viator"]
[Site "Madrid ESP"]
[Date "2015.04.26"]
[Round "5.16"]
[White "Martin Espeja, Jorge J"]
[Black "De Paredes Aguado, Alejandro"]
[Result "0-1"]
[WhiteElo "1830"]
[BlackElo "1506"]
[PlyCount "92"]
[EventDate "2015.03.22"]
[EventType "swiss"]
[EventRounds "9"]
[EventCountry "ESP"]
[Source "lmi"]
[SourceDate "2015.03.22"]

1. e4 e6 2. d4 d5 3. Nc3 Nf6 4. e5 Nfd7 5. Nf3 c5 6. dxc5 Bxc5 7. Bd3 Nc6 8.
Bf4 a6 9. a3 Qb6 10. O-O Qc7 11. Re1 f6 12. Bg3 fxe5 13. Nxe5 Ndxe5 14. Qh5+
Qf7 15. Qe2 Nxd3 16. Qxd3 O-O 17. Kh1 Ne7 18. b4 Ba7 19. Bd6 Bb8 20. Bc5 Qh5
21. h3 Qg5 22. Rad1 Qf4 23. g3 Qf3+ 24. Qxf3 Rxf3 25. Na4 Ba7 26. Bxe7 b5 27.
Nc5 Bxc5 28. Bxc5 Rxa3 29. Rd4 Rf3 30. Kg2 Rc3 31. Re2 Rc4 32. Rxc4 dxc4 33.
Kf3 Bb7+ 34. Kf4 Bd5 35. Ke5 Kf7 36. Bb6 Rb8 37. Bc7 Rc8 38. Kd6 Re8 39. f4 Kf6
40. g4 g6 41. Kd7 Re7+ 42. Kd6 Re8 43. c3 h5 44. g5+ Kf7 45. Kc5 Ke7 46. Kb6
Rc8 0-1

[Event "24. Torneo San Viator"]
[Site "Madrid ESP"]
[Date "2015.04.26"]
[Round "5.17"]
[White "Blasco Gallardo, Francisco"]
[Black "Linares Leyva, David"]
[Result "0-1"]
[WhiteElo "1618"]
[BlackElo "1782"]
[PlyCount "80"]
[EventDate "2015.03.22"]
[EventType "swiss"]
[EventRounds "9"]
[EventCountry "ESP"]
[Source "lmi"]
[SourceDate "2015.03.22"]

1. Nf3 Nf6 2. d4 c5 3. Bf4 Qb6 4. b3 d6 5. h3 cxd4 6. Bh2 Nc6 7. Nbd2 g6 8. Nc4
Qb4+ 9. Qd2 Qxd2+ 10. Ncxd2 Bg7 11. O-O-O O-O 12. g4 Bd7 13. Bg2 Rfd8 14. Ng5
Rac8 15. a3 Rc7 16. Nde4 Nxe4 17. Nxe4 Na5 18. Kb1 Rdc8 19. Rd2 b5 20. f4 f5
21. Nf2 Be6 22. gxf5 gxf5 23. Nd3 Rc3 24. Nb4 Nxb3 25. cxb3 Rxb3+ 26. Rb2 Rxb2+
27. Kxb2 d3+ 28. Kb1 d2 29. Bd5 Kf7 30. Rd1 Bc3 31. Bg1 a5 32. Bxe6+ Kxe6 33.
Nd3 b4 34. a4 Rc4 35. Ka2 Re4 36. e3 Rc4 37. Kb3 Rc6 38. Nb2 Kd5 39. Rf1 Bxb2
40. Kxb2 Ke4 0-1

[Event "24. Torneo San Viator"]
[Site "Madrid ESP"]
[Date "2015.04.26"]
[Round "5.18"]
[White "Salgado Duarte, Pablo"]
[Black "Del Noval Nemeshazi, Nesztor"]
[Result "1/2-1/2"]
[WhiteElo "1591"]
[BlackElo "1770"]
[PlyCount "95"]
[EventDate "2015.03.22"]
[EventType "swiss"]
[EventRounds "9"]
[EventCountry "ESP"]
[Source "lmi"]
[SourceDate "2015.03.22"]

1. d4 Nf6 2. c4 g6 3. Nc3 d5 4. Nf3 Bg7 5. Bf4 O-O 6. e3 c5 7. Be2 cxd4 8. Nxd4
dxc4 9. Bxc4 Qb6 10. Rb1 Rd8 11. Qc1 Nh5 12. Bxb8 Rxb8 13. Nde2 Qb4 14. Bb3 Bf5
15. Ra1 Rbc8 16. O-O Bd3 17. Qe1 Bxe2 18. Qxe2 Bxc3 19. bxc3 Qxc3 20. Qf3 e6
21. Qxb7 Rc7 22. Qf3 Rd2 23. g3 Qf6 24. Qxf6 Nxf6 25. Rfd1 Rcd7 26. Rxd2 Rxd2
27. Rd1 Rxd1+ 28. Bxd1 Ne4 29. Bc2 Nd2 30. Kg2 Kg7 31. f3 Kf6 32. Kf2 Nc4 33.
Ke2 Ne5 34. Bb3 h5 35. h3 Nd7 36. f4 Nc5 37. g4 Nxb3 38. axb3 e5 39. Kd3 exf4
40. exf4 Ke6 41. Kd4 Kd6 42. b4 a6 43. Ke4 hxg4 44. hxg4 f6 45. Kd4 Kc6 46. Kc4
Kd6 47. Kd4 Kc6 48. Kc4 1/2-1/2

[Event "24. Torneo San Viator"]
[Site "Madrid ESP"]
[Date "2015.04.26"]
[Round "5.20"]
[White "Ortega Palacios, Alejandro"]
[Black "Martinez Barahona, Ismael"]
[Result "1/2-1/2"]
[WhiteElo "1524"]
[BlackElo "1818"]
[PlyCount "124"]
[EventDate "2015.03.22"]
[EventType "swiss"]
[EventRounds "9"]
[EventCountry "ESP"]
[Source "lmi"]
[SourceDate "2015.03.22"]

1. e4 c6 2. d4 d5 3. exd5 cxd5 4. Bd3 Nc6 5. c3 e5 6. dxe5 Nxe5 7. Qe2 Qe7 8.
Bb5+ Bd7 9. Bxd7+ Nxd7 10. Qxe7+ Bxe7 11. Nf3 Ngf6 12. O-O O-O 13. Be3 b5 14.
Nbd2 Bc5 15. Nd4 Ng4 16. N2b3 Nxe3 17. fxe3 Bxd4 18. exd4 Rfe8 19. Rae1 Re6 20.
Rxe6 fxe6 21. Re1 Re8 22. Nd2 e5 23. dxe5 Rxe5 24. Kf2 Rxe1 25. Kxe1 Nc5 26.
Ke2 Kf7 27. Ke3 Ke6 28. Kd4 Nd7 29. Nf3 h6 30. h3 g5 31. Nd2 Kd6 32. Nf1 Nc5
33. Ne3 Ne6+ 34. Kd3 Ke5 35. Ng4+ Kd6 36. g3 h5 37. Ne3 Ke5 38. Nc2 Nc5+ 39.
Ke3 Na4 40. Nd4 a6 41. Nc6+ Kd6 42. Nb4 a5 43. Nd3 Nb6 44. Kd4 Nc4 45. b3 Nd2
46. Ne5 Ne4 47. g4 hxg4 48. hxg4 Nf6 49. Nf7+ Kc6 50. Nxg5 Nxg4 51. Ne6 Nf6 52.
a4 bxa4 53. bxa4 Nd7 54. Nd8+ Kc7 55. Kxd5 Kxd8 56. Kc6 Kc8 57. Kb5 Kb7 58.
Kxa5 Kc6 59. c4 Kc5 60. Ka6 Kxc4 61. a5 Nc5+ 62. Kb6 Kb4 1/2-1/2

[Event "24. Torneo San Viator"]
[Site "Madrid ESP"]
[Date "2015.04.26"]
[Round "5.22"]
[White "Perez Gonzalez, Manuel"]
[Black "Vega De Alba, Miguel"]
[Result "1-0"]
[WhiteElo "1582"]
[BlackElo "1670"]
[PlyCount "65"]
[EventDate "2015.03.22"]
[EventType "swiss"]
[EventRounds "9"]
[EventCountry "ESP"]
[Source "lmi"]
[SourceDate "2015.03.22"]

1. e4 c6 2. d4 d5 3. Nc3 dxe4 4. Nxe4 Bf5 5. Ng3 Bg6 6. Nf3 Nd7 7. Bc4 e6 8.
O-O Ngf6 9. c3 Bd6 10. Qb3 Nb6 11. Be2 O-O 12. Bg5 Qc7 13. Bxf6 gxf6 14. Rad1
Nd5 15. Bd3 Bxd3 16. Rxd3 c5 17. dxc5 Bxc5 18. Ne4 Be7 19. Nd4 Qe5 20. Re1 f5
21. Nf3 Qc7 22. Ng3 Rfd8 23. Nxf5 Bc5 24. Ne5 f6 25. Nh6+ Kg7 26. Nef7 Rd7 27.
Rg3+ Kf8 28. Rg8+ Ke7 29. Rxa8 Bxf2+ 30. Kxf2 Qc5+ 31. Kf1 Ne3+ 32. Rxe3 Qxe3
33. Qb4+ 1-0

[Event "24. Torneo San Viator"]
[Site "Madrid ESP"]
[Date "2015.04.26"]
[Round "5.23"]
[White "Andres Rodriguez, Florencio"]
[Black "De Miguel Martin, Jorge"]
[Result "0-1"]
[WhiteElo "1542"]
[BlackElo "2013"]
[PlyCount "116"]
[EventDate "2015.03.22"]
[EventType "swiss"]
[EventRounds "9"]
[EventCountry "ESP"]
[Source "lmi"]
[SourceDate "2015.03.22"]

1. d4 d5 2. c4 Nc6 3. Nf3 e6 4. Nc3 Nf6 5. e3 Ne7 6. Qc2 Ng6 7. h3 c6 8. a4 a5
9. Be2 Bd6 10. e4 dxe4 11. Nxe4 Nxe4 12. Qxe4 O-O 13. O-O Re8 14. Be3 Bb8 15.
Rfd1 Qc7 16. d5 Qe7 17. Rd2 exd5 18. Qxe7 Nxe7 19. Rad1 Be6 20. Ng5 Bc7 21.
Nxe6 fxe6 22. Bg4 Kf7 23. Re2 Ng8 24. Rd3 Nf6 25. cxd5 exd5 26. Rb3 Re7 27. Kf1
Nxg4 28. hxg4 Bd6 29. Bg5 Rxe2 30. Kxe2 Re8+ 31. Kf3 Bb4 32. Be3 c5 33. Bxc5
Bxc5 34. Rxb7+ Re7 35. Rb5 Bb4 36. Rxd5 h6 37. b3 Rc7 38. Rd3 Rc3 39. Ke4 Rxd3
40. Kxd3 Ke6 41. Ke4 g6 42. f4 h5 43. f5+ gxf5+ 44. gxf5+ Kf6 45. Kf4 Bd6+ 46.
Ke4 Kg5 47. Kd5 Bb4 48. Ke4 Kg4 49. f6 Kg3 50. Kf5 Kxg2 51. Kg5 Kf3 52. Kxh5
Ke3 53. Kg6 Kd3 54. f7 Kc3 55. Kg7 Kxb3 56. f8=Q Bxf8+ 57. Kxf8 Kxa4 58. Ke7
Kb3 0-1

[Event "24. Torneo San Viator"]
[Site "Madrid ESP"]
[Date "2015.04.26"]
[Round "5.25"]
[White "Cortijo Manso, Luis"]
[Black "Cujba, Anca-Claudia"]
[Result "0-1"]
[WhiteElo "1523"]
[BlackElo "1787"]
[PlyCount "88"]
[EventDate "2015.03.22"]
[EventType "swiss"]
[EventRounds "9"]
[EventCountry "ESP"]
[Source "lmi"]
[SourceDate "2015.03.22"]

1. Nf3 Nf6 2. g3 c5 3. c4 e6 4. Bg2 Nc6 5. Nc3 d5 6. cxd5 Nxd5 7. O-O Be7 8. d3
O-O 9. Nxd5 Qxd5 10. Nd2 Qd7 11. Ne4 Rb8 12. a3 Rd8 13. Qc2 b6 14. Be3 Bb7 15.
Rad1 e5 16. Bg5 Nd4 17. Qd2 f6 18. Be3 Kh8 19. f4 Qg4 20. Rf2 h5 21. fxe5 fxe5
22. Bf3 Qg6 23. Bg5 Nxf3+ 24. exf3 Bxe4 25. Bxe7 Rxd3 26. Qe1 Rxf3 27. Rd8+
Rxd8 28. Bxd8 Rxf2 29. Qxf2 Qd6 30. Qe3 Qd1+ 31. Kf2 Qxd8 32. Qxe4 Qd4+ 33. Kf3
Qxb2 34. Qa8+ Kh7 35. Qe4+ Kg8 36. Qa8+ Kf7 37. Qb7+ Ke6 38. Qc6+ Ke7 39. Qb7+
Kd8 40. Qb8+ Kd7 41. Qb7+ Kd6 42. Qb8+ Kd5 43. Qa8+ Kc4 44. Qe4+ Qd4 0-1

[Event "24. Torneo San Viator"]
[Site "Madrid ESP"]
[Date "2015.04.26"]
[Round "5.27"]
[White "Martin Lozano, Miguel Angel"]
[Black "Bermejo Jimenez, Adolfo"]
[Result "1-0"]
[WhiteElo "1758"]
[BlackElo "1419"]
[PlyCount "55"]
[EventDate "2015.03.22"]
[EventType "swiss"]
[EventRounds "9"]
[EventCountry "ESP"]
[Source "lmi"]
[SourceDate "2015.03.22"]

1. d4 c6 2. Bf4 d5 3. e3 Bf5 4. c4 Bxb1 5. Qxb1 Qb6 6. b4 Nf6 7. c5 Qd8 8. Bd3
Nbd7 9. Nf3 g6 10. h3 Nh5 11. Bh2 Bg7 12. O-O f5 13. b5 O-O 14. bxc6 bxc6 15.
Ba6 Nxc5 16. dxc5 Bxa1 17. Qxa1 Qa5 18. Bb7 Rad8 19. Nd4 Qxc5 20. Ne6 Qb6 21.
Rb1 Qa5 22. Bc7 Qa4 23. Nxd8 Rf6 24. Be5 Rf8 25. Bxc6 Qe4 26. Ne6 Rc8 27. Ng5
Qc4 28. Rc1 1-0

[Event "24. Torneo San Viator"]
[Site "Madrid ESP"]
[Date "2015.04.26"]
[Round "5.28"]
[White "Insua Rodriguez, Antonio"]
[Black "Caamano Jimenez, Luis"]
[Result "0-1"]
[WhiteElo "1415"]
[BlackElo "1756"]
[PlyCount "52"]
[EventDate "2015.03.22"]
[EventType "swiss"]
[EventRounds "9"]
[EventCountry "ESP"]
[Source "lmi"]
[SourceDate "2015.03.22"]

1. Nc3 c5 2. Nf3 Nf6 3. d4 cxd4 4. Nxd4 d5 5. Bg5 e6 6. e4 dxe4 7. Nxe4 Qa5+ 8.
Bd2 Qe5 9. Bb5+ Bd7 10. O-O Qxe4 11. Bc3 Bxb5 12. Nxb5 Qc6 13. Qd3 Nbd7 14. Nd4
Qc7 15. Nb5 Qb6 16. Rad1 Be7 17. Bxf6 Nxf6 18. Nd6+ Bxd6 19. Qxd6 Qxd6 20. Rxd6
Ke7 21. Rd3 Rhd8 22. Rfd1 Rxd3 23. Rxd3 Rd8 24. Kf1 Rxd3 25. cxd3 Nd5 26. Ke2
Nf4+ 0-1

[Event "24. Torneo San Viator"]
[Site "Madrid ESP"]
[Date "2015.04.26"]
[Round "5.30"]
[White "Torrecillas Adan, Luis"]
[Black "Montero Montero, Juan Jose"]
[Result "0-1"]
[WhiteElo "1245"]
[BlackElo "1732"]
[PlyCount "88"]
[EventDate "2015.03.22"]
[EventType "swiss"]
[EventRounds "9"]
[EventCountry "ESP"]
[Source "lmi"]
[SourceDate "2015.03.22"]

1. e4 Nf6 2. Nc3 d5 3. e5 Nfd7 4. d4 e6 5. Nf3 c5 6. Bb5 a6 7. Bxd7+ Nxd7 8.
O-O cxd4 9. Qxd4 Qc7 10. b4 Qb6 11. Qxb6 Nxb6 12. a3 Bd7 13. Be3 Rc8 14. Bd4
Be7 15. Nd2 Nc4 16. Nxc4 Rxc4 17. Rfd1 f6 18. f4 O-O 19. g3 fxe5 20. fxe5 Rf3
21. Ne2 Rxc2 22. Re1 Rd3 23. a4 Bxb4 24. Rf1 Rxe2 25. Bb6 a5 26. Rf4 Rdd2 27.
Bf2 Bc6 28. Rc1 Rxe5 29. Be1 Rb2 30. Bc3 Bxc3 31. Rxc3 Re1+ 32. Rf1 Rxf1+ 33.
Kxf1 e5 34. h4 e4 35. Rc5 Ra2 36. Rxa5 Rxa4 37. Rc5 Ra2 38. Kg1 e3 39. Rc1 d4
40. Kf1 Rf2+ 41. Kg1 d3 42. Rc3 Rg2+ 43. Kf1 e2+ 44. Ke1 Rg1+ 0-1